J. Grant correspondence, (Record no. 44824)

MARC details
000 -LEADER
fixed length control field 00989cpcaa2200265 a 4500
001 - CONTROL NUMBER
control field mm2010085531
003 - CONTROL NUMBER IDENTIFIER
control field DLC
005 - DATE AND TIME OF LATEST TRANSACTION
control field 20260227111732.0
008 - FIXED-LENGTH DATA ELEMENTS--GENERAL INFORMATION
fixed length control field 100305|||||||||||| eng
010 ## - LIBRARY OF CONGRESS CONTROL NUMBER
LC control number mm2010085531
040 ## - CATALOGING SOURCE
Original cataloging agency DLC
Description conventions dacs
Transcribing agency DLC
Modifying agency DLC
072 #7 - SUBJECT CATEGORY CODE
Subject category code W
Source lcmd
100 1# - MAIN ENTRY--PERSONAL NAME
Personal name Grant, J.,
Dates associated with a name active 1861.
245 00 - TITLE STATEMENT
Title J. Grant correspondence,
Inclusive dates 1861.
300 ## - PHYSICAL DESCRIPTION
Extent 1
Type of unit item.
506 0# - RESTRICTIONS ON ACCESS NOTE
Terms governing access Open to research.
520 8# - SUMMARY, ETC.
Summary, etc. ALS (1861 May 21; Lancaster, Iowa) from Grant to Mr. Frame pertaining chiefly to the secession of the southern states.
546 ## - LANGUAGE NOTE
Language note Collection material in English.
580 ## - LINKING ENTRY COMPLEXITY NOTE
Linking entry complexity note Forms part of: Miscellaneous Manuscripts collection.
650 #0 - SUBJECT ADDED ENTRY--TOPICAL TERM
Topical term or geographic name entry element Secession
Geographic subdivision Southern States.
651 #0 - SUBJECT ADDED ENTRY--GEOGRAPHIC NAME
Geographic name Confederate States of America
General subdivision History.
651 #0 - SUBJECT ADDED ENTRY--GEOGRAPHIC NAME
Geographic name United States
General subdivision History
Chronological subdivision Civil War, 1861-1865.

No items available.

Powered by Koha